000
00333nam a2200133Ia 4500
008
240624s9999 xx 000 0 und d
041
_a
eng
082
_a
659.1 REE
100
_a
REEVES ROSSER
245
_a
REALITY IN ADVERTISING
260
_c
2015
_a
New Yrk
_b
Widener Classics
300
_a
x, : 154 : p. : cm. ; 25
365
_c
_b
30
999
_c
25597
_d
25597